000 00599nam a2200229 a 4500
999 _c5379
_d5379
001 5379
003 BD-JhCC
005 20180303124037.0
008 171213s1953 uk ||||| |||| 00| 0 eng d
035 _a(BD-JhCC)5379
040 _aBD-JhCC
_dBD-JhCC
041 _aeng
082 _a512
_bBAR 1953
100 _aBardell, Ross H.
245 _aCollege Algebra /
_cRoss H. Bardell; Abraham Spitzbart
260 _aLondon :
_bAddison-wesley publishing company,
_c1953.
300 _a228 p. :
_c21 cm.
650 _aAlgebra
700 _aSpitzbart, Abraham
942 _2ddc
_cBK